MARC

LEADER 00000nas a2200000 a 4500
001 ssj0000398522
003 WaSeSS
005 20200512172242.0
006 m d
007 cr n
008 960828c19959999fr gr s s i0 0engxc
010 |a  98648937   |z sn 97023107   |z  96117510  
016 |a (AMICUS)000016540191 
022 |a 1999-0979 
035 |a (WaSeSS)ssj0000398522 
040 |a COD  |b eng  |c COD  |d JNA  |d EYM  |d DLC  |d SYS  |d NYG  |d CUS  |d MYG  |d OCLCQ  |d MYG  |d OCL  |d NLGGC  |d EEM  |d DLC  |d OCLCQ  |d OCLCF  |d OCLCO  |d NLC  |d OCLCQ  |d GILDS  |d OCLCO  |d OCLCA  |d WaSeSS 
042 |a pcc 
050 0 0 |a HJ5711  |b .C58 
082 0 4 |a 336.2714  |b qC758 202-218 
245 0 0 |a Consumption tax trends  |h [electronic resource]. 
246 1 4 |a OECD consumption tax trends 
260 |a Paris :  |b Organisation for Economic Co-operation and Development,  |c 1995- 
321 |a Biennial 
362 0 |a 1995- 
500 |a Subtitle varies: VAT/GST, excise and environmental taxes, 2001; VAT/GST and excise rates, trends and administration issues, 2004- 
506 |a License restrictions may limit access. 
515 |a 1997 also called 2nd ed. 
515 |a None published 2002-2003. 
588 |a Latest issue consulted: 2008. 
650 0 |a Spendings tax  |z OECD countries  |v Periodicals. 
650 0 |a Value-added tax  |z OECD countries  |v Periodicals. 
650 0 |a Taxation of articles of consumption  |z OECD countries  |v Periodicals. 
650 0 |a Sales tax  |z OECD countries  |v Periodicals. 
650 1 7 |a BTW.  |2 gtt 
650 7 |a Sales tax.  |2 fast  |0 (OCoLC)fst01103887 
650 7 |a Spendings tax.  |2 fast  |0 (OCoLC)fst01129526 
650 7 |a Taxation of articles of consumption.  |2 fast  |0 (OCoLC)fst01144001 
650 7 |a Value-added tax.  |2 fast  |0 (OCoLC)fst01163890 
651 7 |a OECD countries.  |2 fast  |0 (OCoLC)fst01277092 
655 0 |a Electronic journals. 
710 2 |a Organisation for Economic Co-operation and Development. 
850 |a DLC  |a MiU 
853 2 0 |8 1  |a (year)  |w g 
853 2 0 |8 2  |a (year)  |w a 
856 4 0 |z Full text available from Research Library: 01/01/2012 to 12/31/2016  |u https://search.proquest.com/publication/2026430 
856 4 0 |z Full text available from Research Library: 01/01/2018 to 6 months ago  |u https://search.proquest.com/publication/2026430 
863 4 0 |8 1.1  |a 1995-2001  |w n 
863 4 1 |8 2.1  |a 2004